Movies Quiz

Random Movies or Disney Quiz

'The Lion King' Characters Quiz Stats

 Plays Quiz Updated Feb 2, 2020

     
Support Sporcle.
Go Orange.
Score 0/12 Timer 02:00
2 Plays Today
Voiced Actor Character % Correct
Jonathan Taylor Thomas/Matthew BroderickSimba
98.1%
Jeremy IronsScar
95.6%
James Earl JonesMufasa
91.5%
Moira Kelly/Niketa CalameNala
91.2%
Nathan LaneTimon
88.7%
Rowan AtkinsonZazu
69.8%
Robert GuillaumeRafiki
65.8%
Ernie SabellaPumbaa
61.6%
Jim CummingsEd
55.7%
Whoopi GoldbergShenzi
38.4%
Madge SinclairSarabi
38.2%
Cheech MarinBanzai
26.6%

From the Vault

Name That Fictional Company

by thunderstruck59

Movies 6m
Hopefully your place of work doesn't find itself on this list!
Remove Ads.
Support Sporcle.
Get the best of Sporcle when you Go Orange. This ad-free experience offers more features, more stats, and more fun while also helping to support Sporcle. Thank you for becoming a member.

Show Comments

Extras

Top Quizzes Today


Score Distribution

Your Account Isn't Verified!

In order to create a playlist on Sporcle, you need to verify the email address you used during registration. Go to your Sporcle Settings to finish the process.

Report this User

Report this user for behavior that violates our Community Guidelines.

Details: